000 00699cam a22002413a 4500
001 8691
003 PGUSA
005 20140828083204.0
008 050801s2005||||xxu|||||s|||||000 | eng d
040 _aPGUSA
_beng
042 _adc
050 4 _aKF
100 1 _aBaldwin, Simeon E.
_q(Simeon Eben),
_d1840-1927
245 1 4 _aThe American Judiciary
_h[electronic resource] /
_cSimeon E. Baldwin
260 _bProject Gutenberg,
_c2005
506 _aPublic domain in the USA.
516 _aElectronic text
653 _aCourts -- United States
653 _aLaw -- United States -- History
830 0 _aProject Gutenberg
_v8691
856 4 0 _uhttp://www.gutenberg.org/ebooks/8691
942 _cEB
999 _c237991
_d237991